00486 a2200181 450000100060000002000180000604000370002410000180006124000310007924500260011030000070013636200090014344000130015265000260016594200070019195200890019899900170028773439 a9788578527679 cAnchieta - Colégio São Paulo aOgleari, Braz10aLiteratura brasileiralpor10aLiteratura brasileira a480 a2005 1aPositivo 4aLiteratura brasileira cBK 00104070a88.1b88.1d2023-11-22l0p3643/CSPr2023-11-22 14:30:09w2023-11-22yBK c73439d73439